| 000 | 00361cam a2200145ua 4500 | ||
|---|---|---|---|
| 041 |
_aeng _h |
||
| 082 |
_a635.9 _bFUT/GA |
||
| 100 | _aFuthehally, Lacca . | ||
| 245 |
_aGardens / _cLacca Futhehally. _hTextual Documents |
||
| 260 |
_aIndia : _bNational Book Trust , _c1990. |
||
| 300 |
_a70 : _b506 ; . |
||
| 504 | _a | ||
| 942 | _cBK | ||
| 999 |
_c10520 _d10520 |
||